Statistics for Power Rangers: Ninja Steel

Click here to take the quiz!

General Stats

  • This quiz has been taken 58 times
  • The average score is 7 of 8

Answer Stats

HintAnswer% Correct
RedBrody
93%
BluePreston
93%
GoldLevi/Aiden
91%
PinkSarah
87%
YellowCalvin
85%
Red #3Mick
83%
WhiteHayley
76%
Red #2Dane
57%

Score Distribution

Percentile by Number Answered

Percent of People with Each Score

Your Score History

You have not taken this quiz